00383nam a2200133Ia 4500008004100000020001800041041000800059082001500067100002300082245007300105260003100178300000900209650003100218220803s9999 xx 000 0 und d a81-7993-093-9 aeng a720.47 KIS aKishore V V N (ed) aRenewable energy engineering and technology : a knowledge compendium aNew DelhibTeri Pub.c2008 a925p aEnvironmental Architecture